| 000 | 00814nam a22001817a 4500 | ||
|---|---|---|---|
| 999 |
_c62388 _d62388 |
||
| 003 | Ge_BSU | ||
| 005 | 20241021120912.0 | ||
| 008 | 241021s1961 ge ||||| |||| 00| 0 geo d | ||
| 041 | _ageo | ||
| 080 | _a61:796 კ-90 | ||
| 100 |
_aკუნჭულია, ვ. _923465 |
||
| 245 |
_aსპორტული მედიცინა : _bსაექიმო კონტროლი ფიზიკურ აღზრდასა და სპორტში / _cვ. კუნჭულია. |
||
| 264 |
_aთბილისი : _bცოდნა, _c1961. |
||
| 300 |
_a487 გვ. : _bილ. 1 ფ. ცხრილ. ; _c22 სმ. |
||
| 504 | _a ბიბლიოგრ. შენიშვნებში. | ||
| 653 | _aსპორტული მედიცინა | ||
| 942 |
_2udc _cᲬᲘᲒᲜᲘ |
||